[Event "Challenge"]
[Site "http://www.queenalice.com/game.php?id=1862823"]
[Date "2025.9.11"]
[Round "-"]
[White "Capixaba789"]
[Black "australia"]
[Result "1-0"]
[WhiteElo "1949"]
[BlackElo "1795"]

1. d4 e6 2. Nc3 a6 3. e4 h6 4. f4 Ne7 5. Nf3 Nbc6 6. Bd3 Nb4 7. O-O Nxd3 8. cxd3
Ng6 9. Be3 Be7 10. Ne5 Nxe5 11. fxe5 Kf8 12. d5 Bh4 13. Qf3 Qe7 14. d6 cxd6 15.
exd6 Qe8 16. e5 f6 17. d4 f5 18. d5 g6 19. Bb6 h5 20. Bc7 Kg7 21. a4 Bd8 22. Qe3
Bxc7 23. dxc7 Qe7 24. d6 a5 25. Nb5 Qf8 26. Qb6 Ra6 27. Qd4 b6 28. Qh4 Kh6 29.
g4 f4 30. g5+ Kh7 31. Rxf4 Qe8 32. Raf1 Rg8 33. Rf7+ Kh8 34. Qf4 Ra8 35. Qf6+
1-0

[Event "Challenge"]
[Site "http://www.queenalice.com/game.php?id=1863512"]
[Date "2025.9.28"]
[Round "-"]
[White "Capixaba789"]
[Black "australia"]
[Result "0-1"]
[WhiteElo "1820"]
[BlackElo "1772"]

1. d4 h6 2. e4 e6 3. f4 a6 4. Nf3 d6 5. c4 Nd7 6. Nc3 Nb6 7. Bd3 Ne7 8. O-O Bd7
9. Be3 c6 10. a4 d5 11. c5 Nbc8 12. Ne5 Rg8 13. Qf3 Na7 14. Ne2 Qa5 15. Ng3 g6
16. Nxd7 Kxd7 17. exd5 Nxd5 18. Bf2 f5 19. b3 Qc7 20. Bc4 Nxf4 21. Rae1 Re8 22.
Re5 Nd5 23. Ree1 Bg7 24. Qe2 e5 25. dxe5 Bxe5 26. Qc2 Kc8 27. Rd1 Nb4 28. Qb1
Rgf8 29. Rfe1 Kb8 30. Qc1 Qg7 31. Qd2 a5 32. Qc1 Nc8 33. Nf1 g5 34. Ne3 h5 35.
Nc2 Na2 36. Qa3 Nc3 37. Rd3 Ne4 38. Bd4 g4 39. Bxe5+ Rxe5 40. Qb2 h4 41. Rde3
Qe7 42. Nd4 Qxc5 43. Kh1 Ncd6 44. Nc2 f4 45. Rxe4 Nxe4 46. Nd4 Rfe8 0-1

[Event "Challenge"]
[Site "http://www.queenalice.com/game.php?id=1863513"]
[Date "2025.9.28"]
[Round "-"]
[White "australia"]
[Black "Capixaba789"]
[Result "0-1"]
[WhiteElo "1785"]
[BlackElo "1850"]

1. e3 e5 2. a3 d5 3. h3 f5 4. c3 Nf6 5. d3 Bd6 6. Nd2 O-O 7. Nb3 Be6 8. d4 exd4
9. Nxd4 Bd7 10. Nge2 Nc6 11. Nxc6 Bxc6 12. Nd4 Bd7 13. Bd3 Ne4 14. Bxe4 fxe4 15.
a4 a5 16. b3 c5 17. Nc2 Qf6 18. Qe2 Qxc3+ 19. Kd1 Qxb3 20. Qd2 Qd3 21. Qxd3 exd3
22. Ne1 c4 23. Bd2 Bb4 24. Nf3 c3 25. Bxc3 Bxc3 26. Rf1 Bf5 27. Ra3 Bb4 28. Rb3
Rac8 29. Nd4 Bg6 30. f3 Rc3 31. Rxc3 Bxc3 32. Nb3 Re8 33. Nc1 Rxe3 34. Na2 Bb4
35. Nxb4 axb4 36. f4 Be4 37. Kd2 Re2+ 38. Kd1 Bxg2 39. Rg1 b3 40. Kc1 b2+ 41.
Kb1 Be4 42. Rg5 d2+ 0-1

[Event "Challenge"]
[Site "http://www.queenalice.com/game.php?id=1864110"]
[Date "2025.10.11"]
[Round "-"]
[White "Capixaba789"]
[Black "australia"]
[Result "1-0"]
[WhiteElo "1802"]
[BlackElo "1790"]

1. d4 h6 2. e4 e6 3. c4 c5 4. d5 e5 5. Nc3 Nf6 6. f4 Qe7 7. Nf3 Na6 8. Be2 exf4
9. O-O Nh5 10. e5 f6 11. Nh4 Qf7 12. e6 Qg8 13. Bxh5+ Kd8 14. Bf7 Qh7 15. Ng6 d6
16. Bxf4 Be7 17. Nxh8 Qxh8 18. Ne4 b6 19. Bxd6 Qf8 20. Bg3 Nc7 21. d6 Bd7 22.
dxc7+ Kc8 23. Qd5 1-0

[Event "Challenge"]
[Site "http://www.queenalice.com/game.php?id=1864111"]
[Date "2025.10.11"]
[Round "-"]
[White "australia"]
[Black "Capixaba789"]
[Result "1/2-1/2"]
[WhiteElo "1774"]
[BlackElo "1803"]

1. a3 e5 2. e3 e4 3. h3 d5 4. c3 f5 5. d3 Nf6 6. d4 Bd6 7. Ne2 O-O 8. Nd2 Be6 9.
Nf4 Bf7 10. Be2 Nbd7 11. Nb3 Nb6 12. Nc5 Bxf4 13. exf4 Rb8 14. O-O c6 15. b3
Nbd7 16. Nxd7 Qxd7 17. Be3 a6 18. a4 Bg6 19. b4 b5 20. a5 Kh8 21. g3 Ne8 22. Rb1
Nd6 23. Kg2 Nc4 24. Bxc4 dxc4 25. Rb2 Qd5 1/2-1/2